000 00626nam a2200241Ia 4500
003 OSt
005 20221005101801.0
006 a|||||r|||| 00| 0
007 ta
008 221004b |||||||| |||| 00| 0 eng d
024 _a52559
037 _cTextual
040 _aCRL
_cCRL
_beng
041 _2eng
_aeng
082 _aQ7vN9<---K9, N9
100 _aRobinson Neal
_9622608
245 0 _aIslam
_b A concise introduction
260 _aU.K.
_bCurzon Press
_c1999
300 _a197p.
_ccm.
650 _aRELIGION
942 _hQ7vN9<---K9, N9
_cTEXL
_2cc
999 _c1007369
_d1007369